[Event "Moravia-Silesia Region-chT 2223"]
[Site "Czech Republic"]
[Date "2023.04.02"]
[Round "11"]
[White "Pavelek, Karel"]
[Black "Tomecek, Jan"]
[Result "1/2-1/2"]
[WhiteElo "2061"]
[BlackElo "2066"]
[PlyCount "115"]
[EventDate "2022.10.09"]
[EventType "team-tourn"]
[EventRounds "11"]
[EventCountry "CZE"]
[SourceTitle "EXT 2024"]
[Source "ChessBase"]
[SourceDate "2023.10.10"]
[SourceVersion "1"]
[SourceVersionDate "2023.10.10"]
[SourceQuality "1"]
[WhiteTeam "Opava Slezan"]
[BlackTeam "Havirov Banik"]
[WhiteTeamCountry "CZE"]
[BlackTeamCountry "CZE"]

1. e4 e6 2. d4 d5 3. Nc3 dxe4 4. Nxe4 Nd7 5. Nf3 Ngf6 6. Nxf6+ Nxf6 7. Bd3 c5 8. 0-0 cxd4 9. Nxd4 Bc5 10. Nb3 Be7 11. Re1 0-0 12. Qf3 Qd5 13. Qe2 b6 14. Bc4 Qd6 15. Bg5 Bb7 16. Rad1 Qc6 17. f3 Rad8 18. Kh1 Rxd1 19. Rxd1 Rd8 20. Rxd8+ Bxd8 21. Nd4 Qd6 22. Nb5 Qc5 23. Be3 Qe5 24. Bd4 Qf4 25. Be3 Qe5 26. Bd4 Qf4 27. Be3 Qe5 28. Qd2 Nd5 29. Bd4 Qh5 30. Nxa7 Bc7 31. Bg1 g5 32. Nb5 Be5 33. Nd4 Nf4 34. Bf1 g4 35. fxg4 Qxg4 36. Nf3 Bc7 37. Bd4 Bxf3 38. gxf3 Qxf3+ 39. Bg2 Nxg2 40. Qxg2+ Qxg2+ 41. Kxg2 e5 42. Bf2 b5 43. b3 f5 44. a4 bxa4 45. bxa4 Ba5 46. Kf1 Kf7 47. Be1 Bxe1 48. Kxe1 Ke6 49. c4 Kd6 50. Ke2 Kc5 51. a5 Kc6 52. Kf3 h5 53. Ke3 Kc5 54. Kf3 Kc6 55. Ke3 Kc5 56. Kf3 Kc6 57. Ke3 Kc5 58. Kf3 1/2-1/2

[Event "CZE-chT2F 1819"]
[Site "Czech Republic"]
[Date "2018.10.14"]
[Round "1.2"]
[White "Tomecek, Jan"]
[Black "Hromada, Pavel"]
[Result "0-1"]
[WhiteElo "2108"]
[BlackElo "2171"]
[PlyCount "66"]
[EventDate "2018.10.14"]
[EventType "team-tourn"]
[EventRounds "11"]
[EventCountry "CZE"]
[SourceTitle "EXT 2022"]
[Source "ChessBase"]
[SourceDate "2021.10.06"]
[SourceVersion "1"]
[SourceVersionDate "2021.10.06"]
[SourceQuality "1"]
[WhiteTeam "Havirov Banik"]
[BlackTeam "Opava KVS"]
[WhiteTeamCountry "CZE"]
[BlackTeamCountry "CZE"]

1. d4 Nf6 2. Nf3 g6 3. c4 c6 4. Bf4 Bg7 5. Nc3 d5 6. e3 0-0 7. Qb3 b6 8. cxd5 cxd5 9. Be2 Bb7 10. 0-0 Nc6 11. Rac1 Rc8 12. Ne5 Na5 13. Qb4 Nd7 14. Nd3 Re8 15. Nb5 Nc6 16. Qb3 a6 17. Nc3 Na5 18. Qd1 f6 19. b4 Nc4 20. Re1 e5 21. dxe5 fxe5 22. Bg3 b5 23. Qb3 Kh8 24. Red1 Qb6 25. Bf3 d4 26. Bxb7 Qxb7 27. exd4 exd4 28. Nb1 Re2 29. Re1 Rce8 30. Rxe2 Rxe2 31. Re1 Rxe1+ 32. Nxe1 Qe4 33. Kf1 Qxb1 0-1

[Event "CZE-chT2F 1718"]
[Site "Czech Republic"]
[Date "2018.04.08"]
[Round "11.3"]
[White "Tomecek, Jan"]
[Black "Jaworski, Miroslaw"]
[Result "1/2-1/2"]
[WhiteElo "2114"]
[BlackElo "2211"]
[PlyCount "26"]
[EventDate "2017.10.15"]
[EventType "team-tourn"]
[EventRounds "11"]
[EventCountry "CZE"]
[SourceTitle "EXT 2022"]
[Source "ChessBase"]
[SourceDate "2021.10.06"]
[SourceVersion "1"]
[SourceVersionDate "2021.10.06"]
[SourceQuality "1"]
[WhiteTeam "Havirov Banik"]
[BlackTeam "Havirov Slovan"]
[WhiteTeamCountry "CZE"]
[BlackTeamCountry "CZE"]

1. d4 Nf6 2. Nf3 g6 3. c4 Bg7 4. Nc3 0-0 5. e4 d6 6. Be2 e5 7. 0-0 Nc6 8. d5 Ne7 9. Ne1 Nd7 10. Be3 f5 11. f3 f4 12. Bf2 g5 13. g4 Nf6 1/2-1/2

[Event "CZE-chT1E 1617"]
[Site "Czech Republic"]
[Date "2017.01.08"]
[Round "5.6"]
[White "Tomecek, Jan"]
[Black "Karasek, Lukas"]
[Result "0-1"]
[WhiteElo "2135"]
[BlackElo "2206"]
[PlyCount "82"]
[EventDate "2016.10.16"]
[EventType "team-tourn"]
[EventRounds "11"]
[EventCountry "CZE"]
[SourceTitle "CBM 177 Extra"]
[Source "ChessBase"]
[SourceDate "2017.04.27"]
[SourceVersion "1"]
[SourceVersionDate "2017.04.27"]
[SourceQuality "1"]
[WhiteTeam "Havirov Banik"]
[BlackTeam "Jihlava Gordic"]
[WhiteTeamCountry "CZE"]
[BlackTeamCountry "CZE"]

1. d4 Nf6 2. Nf3 e6 3. g3 b6 4. Bg2 Bb7 5. 0-0 c5 6. c4 cxd4 7. Nxd4 Bxg2 8. Kxg2 Qc8 9. Qd3 Be7 10. Nd2 0-0 11. N2f3 d6 12. Bd2 Nbd7 13. b4 Re8 14. Qb3 Qb7 15. Kg1 Rac8 16. Rac1 Bf8 17. Rfd1 a6 18. Bg5 Ne4 19. Be3 Rc7 20. Rc2 Rec8 21. b5 Ndc5 22. Qb1 axb5 23. cxb5 e5 24. Nc6 Rxc6 25. bxc6 Qxc6 26. Ng5 Nxg5 27. Bxg5 d5 28. Bc1 h6 29. Ba3 d4 30. Qb2 Ra8 31. Bxc5 Bxc5 32. Rb1 Qf6 33. Qb5 Qd6 34. Qc4 e4 35. Rd2 Qe5 36. Rb3 Re8 37. Qc2 Re6 38. Rb5 Rf6 39. Rxc5 bxc5 40. Qc4 e3 41. Rb2 exf2+ 0-1

[Event "CZE-chT2F 1516"]
[Site "Czech Republic"]
[Date "2016.03.13"]
[Round "9.14"]
[White "Tomecek, Jan"]
[Black "Malcanek, Jan"]
[Result "1/2-1/2"]
[WhiteElo "2134"]
[BlackElo "2076"]
[PlyCount "103"]
[EventDate "2015.10.18"]
[EventType "team-tourn"]
[EventRounds "11"]
[EventCountry "CZE"]
[SourceTitle "EXT 2022"]
[Source "ChessBase"]
[SourceDate "2021.10.06"]
[SourceVersion "1"]
[SourceVersionDate "2021.10.06"]
[SourceQuality "1"]
[WhiteTeam "Havirov Banik"]
[BlackTeam "Hostalkova"]
[WhiteTeamCountry "CZE"]
[BlackTeamCountry "CZE"]

1. d4 Nf6 2. Nf3 d6 3. c4 Nbd7 4. Nc3 e5 5. e4 Be7 6. Be2 0-0 7. 0-0 c6 8. Ne1 Qb6 9. Nc2 exd4 10. Nxd4 Nc5 11. Bf3 Re8 12. Nb3 Be6 13. Nxc5 Qxc5 14. b3 Rad8 15. Be3 Qa5 16. Ne2 Ng4 17. Bd2 Qc5 18. Nf4 Ne5 19. Be3 Qa5 20. Be2 Bc8 21. Qd4 b6 22. Bd2 Qa3 23. Bc3 Bf6 24. Qe3 Nd7 25. Nh5 Bxc3 26. Qxc3 f6 27. Qg3 g6 28. Bg4 Kf7 29. Rfd1 Ne5 30. Bxc8 Rxc8 31. Nf4 a5 32. h4 a4 33. h5 g5 34. Nd3 Ra8 35. Nxe5+ Rxe5 36. Rab1 Qxa2 37. Qc3 Qa3 38. Rd3 axb3 39. Rxb3 Qc5 40. Rf3 Ra4 41. Qb2 b5 42. cxb5 cxb5 43. Rbc3 Rc4 44. Rxc4 bxc4 45. Qb8 Rxe4 46. Qh8 Re1+ 47. Kh2 Qe5+ 48. g3 c3 49. Qxh7+ Ke6 50. Qg8+ Ke7 51. Qg7+ Ke6 52. Qg8+ 1/2-1/2

[Event "CZE-chT2F 1415"]
[Site "Czech Republic"]
[Date "2015.03.15"]
[Round "9.45"]
[White "Tomecek, Jan"]
[Black "Krejci, Jan"]
[Result "0-1"]
[WhiteElo "2159"]
[BlackElo "2106"]
[PlyCount "112"]
[EventDate "2014.11.02"]
[EventType "team-tourn"]
[EventRounds "11"]
[EventCountry "CZE"]
[SourceTitle "EXT 2022"]
[Source "ChessBase"]
[SourceDate "2021.10.06"]
[SourceVersion "1"]
[SourceVersionDate "2021.10.06"]
[SourceQuality "1"]
[WhiteTeam "Havirov Banik"]
[BlackTeam "Litovel Tatran II"]
[WhiteTeamCountry "CZE"]
[BlackTeamCountry "CZE"]

1. d4 d5 2. Nf3 Nf6 3. g3 Bf5 4. Bg2 Qc8 5. 0-0 Bh3 6. c4 c6 7. Nc3 Bxg2 8. Kxg2 dxc4 9. a4 Nbd7 10. e4 e6 11. Nd2 Be7 12. Nxc4 b5 13. Nd2 b4 14. Ne2 0-0 15. f3 c5 16. Nb3 c4 17. Nd2 a5 18. b3 c3 19. Nc4 Qb7 20. Qc2 Nb6 21. Nxb6 Qxb6 22. Be3 Rfd8 23. Bf2 Qb7 24. h4 Rd7 25. h5 Rad8 26. Rad1 Ne8 27. Be3 Nd6 28. g4 Rf8 29. Rh1 f5 30. gxf5 exf5 31. e5 Ne8 32. Qd3 Nc7 33. Nf4 Nd5 34. Ne6 Rc8 35. Bc1 c2 36. Rdg1 Bf8 37. Qxf5 Rf7 38. Qg4 Qa6 39. Kh3 Rc3 40. Rg3 Qe2 41. Ng5 Re7 42. Qf5 Qd3 43. Ne4 Rxb3 44. Rhg1 Qxd4 45. e6 Rd3 46. Bg5 Rc7 47. Bf6 Qa7 48. e7 Rxe7 49. Bxe7 Qxe7 50. Ng5 Nf4+ 51. Qxf4 Qd7+ 52. Kh2 Rd2+ 53. Kh1 Qd5 54. R3g2 Rxg2 55. Rxg2 b3 56. h6 b2 0-1

[Event "CZE-chT2F 1314"]
[Site "Czech Republic"]
[Date "2013.11.03"]
[Round "1.13"]
[White "Senkyr, Martin"]
[Black "Tomecek, Jan"]
[Result "1-0"]
[WhiteElo "2186"]
[BlackElo "2153"]
[PlyCount "71"]
[EventDate "2013.11.03"]
[EventType "team-tourn"]
[EventRounds "11"]
[EventCountry "CZE"]
[SourceTitle "EXT 2016"]
[Source "ChessBase"]
[SourceDate "2015.10.08"]
[SourceVersion "1"]
[SourceVersionDate "2015.10.08"]
[SourceQuality "1"]
[WhiteTeam "Zlin II"]
[BlackTeam "Havirov Banik"]
[WhiteTeamCountry "CZE"]
[BlackTeamCountry "CZE"]

1. e4 e6 2. d4 d5 3. Nd2 dxe4 4. Nxe4 Nd7 5. Bd3 Ngf6 6. Nf3 Nxe4 7. Bxe4 Nf6 8. Bd3 c5 9. c3 cxd4 10. cxd4 Bb4+ 11. Bd2 Bxd2+ 12. Qxd2 0-0 13. 0-0 Qb6 14. Rfe1 Bd7 15. Rad1 Bb5 16. Bb1 Rfd8 17. Re3 Rd5 18. Re5 Rad8 19. Rxd5 Rxd5 20. Ne5 Rd8 21. Qc3 Be2 22. Rd2 Bh5 23. h3 Bg6 24. Bxg6 hxg6 25. Qc2 Nd5 26. Qc4 Ne7 27. Qa4 Rc8 28. Nf3 f6 29. Rc2 Rxc2 30. Qxc2 Kf7 31. h4 Qc6 32. Qb3 b5 33. Qa3 a6 34. Qe3 a5 35. Qf4 b4 36. Ne5+ 1-0

[Event "CZE-chT2F 1213"]
[Site "Czech Republic"]
[Date "2013.01.20"]
[Round "7.21"]
[White "Tomecek, Jan"]
[Black "Karlik, Vladimir"]
[Result "1/2-1/2"]
[WhiteElo "2189"]
[BlackElo "2306"]
[PlyCount "30"]
[EventDate "2012.10.14"]
[EventType "team-tourn"]
[EventRounds "11"]
[EventCountry "CZE"]
[SourceTitle "EXT 2016"]
[Source "ChessBase"]
[SourceDate "2015.10.08"]
[SourceVersion "1"]
[SourceVersionDate "2015.10.08"]
[SourceQuality "1"]
[WhiteTeam "Havirov Banik"]
[BlackTeam "Kromeriz Slavia II"]
[WhiteTeamCountry "CZE"]
[BlackTeamCountry "CZE"]

1. d4 Nf6 2. Nf3 g6 3. c4 Bg7 4. Nc3 0-0 5. e4 d6 6. Be2 Nbd7 7. 0-0 e5 8. Re1 b6 9. Bf1 exd4 10. Nxd4 Bb7 11. Bg5 h6 12. Bh4 Nc5 13. f3 Ne6 14. Nc2 Re8 15. Qd2 a6 1/2-1/2

[Event "CZE-chT2F 1112"]
[Site "Czech Republic"]
[Date "2012.02.19"]
[Round "8.31"]
[White "Tomecek, Jan"]
[Black "Talla, Vladimir"]
[Result "1/2-1/2"]
[WhiteElo "2201"]
[BlackElo "2399"]
[PlyCount "138"]
[EventDate "2011.10.09"]
[EventType "team-tourn"]
[EventRounds "11"]
[EventCountry "CZE"]
[SourceTitle "EXT 2013"]
[Source "ChessBase"]
[SourceDate "2012.11.22"]
[SourceVersion "1"]
[SourceVersionDate "2012.11.22"]
[SourceQuality "1"]
[WhiteTeam "Havirov"]
[BlackTeam "Frydek Mistek II"]
[WhiteTeamCountry "CZE"]
[BlackTeamCountry "CZE"]

1. d4 d5 2. Nf3 Nf6 3. g3 g6 4. Bg2 Bg7 5. 0-0 0-0 6. c4 c6 7. Nc3 dxc4 8. Ne5 Ng4 9. Nxg4 Bxg4 10. Be3 Qa5 11. Qc1 Nd7 12. Bh6 e5 13. Rd1 Rad8 14. d5 cxd5 15. Rxd5 Qc7 16. Bxg7 Kxg7 17. Qe3 Be6 18. Rd2 h6 19. Rad1 Nc5 20. Rxd8 Rxd8 21. Rxd8 Qxd8 22. Qxe5+ f6 23. Qe3 Qd7 24. h4 Bf7 25. Bf3 Qe6 26. Qd4 Qe5 27. Qxe5 fxe5 28. Kf1 Kf6 29. Ke1 a6 30. a3 b5 31. Ne4+ Nxe4 32. Bxe4 Ke7 33. Bb7 a5 34. Kd2 Kd6 35. Be4 Be6 36. Bc2 Kd5 37. Ke3 Bf5 38. Bd1 Bd7 39. Bc2 Bf5 40. Bd1 b4 41. axb4 axb4 42. Kd2 Bd7 43. Bc2 Kc5 44. Bd1 Bc6 45. e3 e4 46. Be2 Bd7 47. Bd1 h5 48. Be2 Bc6 49. Bf1 Kb5 50. Bg2 Bd5 51. Kc2 Kc5 52. Bh1 Kd6 53. Bg2 Ke5 54. Bh3 Be6 55. Bf1 Kd5 56. Kd2 Ke5 57. Kc2 Kd5 58. Bg2 Bd7 59. Bh1 Bh3 60. Kd2 Bf1 61. Ke1 c3 62. bxc3 bxc3 63. Kd1 Bd3 64. Bg2 Ke5 65. Bh3 Kf6 66. Bd7 Ke7 67. Bc6 Kf6 68. Ba4 Kf5 69. Bd7+ Kf6 1/2-1/2

[Event "CZE-chT2F 1112"]
[Site "Czech Republic"]
[Date "2011.10.09"]
[Round "1.1"]
[White "Tomecek, Jan"]
[Black "Funiok, Marcel"]
[Result "1/2-1/2"]
[WhiteElo "2201"]
[BlackElo "2097"]
[PlyCount "80"]
[EventDate "2011.10.09"]
[EventType "team-tourn"]
[EventRounds "11"]
[EventCountry "CZE"]
[SourceTitle "EXT 2013"]
[Source "ChessBase"]
[SourceDate "2012.11.22"]
[SourceVersion "1"]
[SourceVersionDate "2012.11.22"]
[SourceQuality "1"]
[WhiteTeam "Havirov"]
[BlackTeam "Havirov II"]
[WhiteTeamCountry "CZE"]
[BlackTeamCountry "CZE"]

1. d4 d5 2. Nf3 c6 3. g3 Nf6 4. Bg2 Bf5 5. 0-0 h6 6. c4 e6 7. Nc3 Nbd7 8. Nd2 Bb4 9. e4 dxe4 10. Ndxe4 Nxe4 11. Nxe4 Nf6 12. Nxf6+ Qxf6 13. Qb3 Qe7 14. c5 Ba5 15. Bf4 Qd7 16. Bd6 Bd8 17. Rfe1 Be7 18. Bxe7 Qxe7 19. d5 cxd5 20. Bxd5 0-0-0 21. Bg2 Qc7 22. c6 b6 23. a4 a5 24. Qc3 f6 25. b4 Qa7 26. Rad1 e5 27. Qc4 Rhe8 28. bxa5 bxa5 29. c7 Rd7 30. Rxd7 Bxd7 31. Rd1 Qxc7 32. Qa6+ Kd8 33. Bh3 Re7 34. Qa8+ Qc8 35. Qxa5+ Ke8 36. Bxd7+ Rxd7 37. Rxd7 Kxd7 38. Qd5+ Kc7 39. a5 Qb7 40. Qc5+ Kb8 1/2-1/2